000 00846nas a2200277 4500
001 BR0808374
003 BR-BrBNA
005 20231205112826.0
007 ta
008 230509b bl.|||p| |||| 00| 00por d
040 _aBR-BrBNA
_bpor
_cBiblioteca Nacional de Agricultura
041 _a(Pt)
072 _aF01
100 1 _aRocha, P.S.G. da
100 1 _aBianchi, V.J.
100 1 _aSchuch, M.W.
100 1 _aMistura, C.C.
100 1 _aFachinello, J.C.
245 1 _aDiferentes meios e concentrações de bap na multiplicação in vitro dos posta- enxertos sírio e Mr. S. 2/5
650 _aENXERTO
650 _aEXPLANTE
650 _aCULTURA IN VITRO
773 0 _tRevista Científica Rural (Brazil)
_xISSN 1413-8263
_g(2007), v. 12(1) p. 22-27
_wBR0808374
909 _a202311
_bLúcia
_c55
_dLúcia Elande
942 _2AGRIS
_n0
_cANA
999 _c200218
_d200218